| 000 | 00646nam a22001937a 4500 | ||
|---|---|---|---|
| 005 | 20251108164226.0 | ||
| 008 | 250721s1997 xx 000 0 ara d | ||
| 082 | 1 | 4 | _a618.2076/حمل |
| 100 | 1 |
_aبيدس، إميل خليل _eكاتب حوار |
|
| 245 | 1 | 0 | _aالحمل و الولادة مع 25 سؤالا و جوابا / |
| 264 | 1 |
_aبيروت : _bدار الآفاق الجديدة، _c1997. |
|
| 300 | _a155ص | ||
| 490 | 0 | _aالسلسلة الصحية للرجل و المرأة و الطفل | |
| 650 | 1 | 7 | _aالحمل |
| 650 | 1 | 7 | _aالولادة |
| 650 | 1 | 7 | _aالأسئلة و الأجوبة |
| 942 |
_2ddc _cBK |
||
| 999 |
_c6833 _d6833 |
||